Mi hermano /

Uloženo v:
Podrobná bibliografie
Hlavní autor: Kincaid, Jamaica (autor)
Médium: Kniha
Jazyk:španělština
Vydáno: Barcelona, España : Lumen, 2000, c2000
Edice:(Femenino Lumen)
Témata:
Tagy: Přidat tag
Žádné tagy, Buďte první, kdo vytvoří štítek k tomuto záznamu!

MARC

LEADER 00000nam^a2200000^a^4500
001 000144479
005 20250521000000.0
009 20260526124317.043
020 |a 84-264-4856-5 
037 |a Acervo ITESO - Biblioteca 
041 |a ESP 
082 |a 813.  |b KIN 
100 |a Kincaid, Jamaica  |e (autor) 
245 1 0 |a Mi hermano /  |c J. Kincaid ; tr. por Alejandro Pérez Viza. 
264 4 |a Barcelona, España :  |b Lumen,  |c 2000, c2000 
300 |a 216 p. 
336 |a texto  |b txt  |2 rdacontenido 
337 |a sin mediación  |b n  |2 rdamedio 
338 |a volumen  |b nc  |2 rdasoporte 
440 1 |a (Femenino Lumen) 
500 |a Traducción de: My Brother 
545 0 |a Nacida en St. Johns, Antigua, en 1948, Jamaica Kincaid se trasladó a Nueva York a los 17 años y desde entonces reside en Estados Unidos. Es autora de una narrativa realista que, abrevando en la propia memoria, diluye las fronteras entre ficción y no ficción. En relatos que van de su país de origen a la patria adoptiva, sus personajes alzan la voz lo mismo contra el colonialismo que contra la opresión femenina y cualquier tipo de sometimiento. Es autora de Annie John, (1985), Un pequeño lugar (1988), Lucy (1990), La autobiografía de mi madre (1995), Mi hermano 1997) y Mr. Potter (2002), entre otros títulos. 
649 |a XX 
650 |a Escritores Afroamericanos -  |x Memorias 
650 |a Escritores Norteamericanos -  |x Memorias 
650 |a Mujeres Afroamericanas -  |x Memorias 
650 |a Mujeres Norteamericanas -  |x Memorias 
650 |a Memorias Afroamericanas 
650 |a Memorias Norteamericanas 
650 |a Novela Afroamericana 
650 |a Novela Norteamericana 
650 |a Literatura Afroamericana -  |y Siglo XX 
650 |a Literatura Norteamericana -  |y Siglo XX 
650 |a Literatura Autobiográfica -  |z EUA 
650 |a Literatura de Mujeres -  |z EUA 
650 |a Muerte en la Literatura 
650 |a SIDA en la Literatura 
650 |a Kincaid, Jamaica 
650 |a Kincaid, Devon Drew -  |x Tema Principal 
910 |a Fondo General 
920 |a Impresos - Libros 
930 |a Colección General 
940 |a Literatura 
905 |a 101 
901 |a 0500073371  |b IT1  |c LIT  |u 20250521 
902 |a https://opac.biblio.iteso.mx/vufind/Record/000144479